Dispečerská služba v MTS

Gespeichert in:
Bibliographische Detailangaben
Format: Buch
Sprache:Tschechisch
Veröffentlicht: Praha Brázda 1951
Tags: Tag hinzufügen
Keine Tags, Fügen Sie das erste Tag hinzu!

MARC

LEADER 00000nam a2200000 4500
001 0312317
005 20250916101115.7
041 0 |a cze 
044 |a CZ 
245 1 0 |a Dispečerská služba v MTS  |c A. S. Bystrovová 
264 1 |a Praha  |b Brázda  |c 1951